000 00569cam a22002051 4500
001 af 47002721
003 DLC
005 20260227110815.0
008 850424s1945 be ab 000 0 dut
010 _aaf 47002721
035 _a(OCoLC)11958446
040 _aDLC
_cCoD
_dDLC
042 _apremarc
050 0 0 _aF591
_b.S636
100 1 _aLeysen, Achiel.
245 1 3 _aDe stoute globetrotter.
260 _aRoeselare,
_bHernieuwen-utigaven
_c[1945]
300 _a201, [1] p., 1 leaf.
_bfront. (fold. map) illus.
_c21 cm.
600 1 0 _aSmet, Pierre-Jean de,
_d1801-1873.
999 _c1848
_d1848